Connections Across Eurasia : Transportation, Communication, and Cultural Exchange on the Silk Roads
This first edition text examines the remarkable histories of the societies and peoples who fostered Eurasian trade and communication in the almost two millennia before 1500 C.E. A study in the early history of “globalization,” the commercial and cultural exchanges explored in this volume provide stu...
Guardado en:
| Autor principal: | |
|---|---|
| Formato: | Libro |
| Lenguaje: | Undetermined |
| Publicado: |
Boston
McGraw-Hill
2007
|
| Materias: | |
| Etiquetas: |
Agregar Etiqueta
Sin Etiquetas, Sea el primero en etiquetar este registro!
|
| Thư viện lưu trữ: | Trung tâm Học liệu Trường Đại học Cần Thơ |
|---|
| LEADER | 01121nam a2200241Ia 4500 | ||
|---|---|---|---|
| 001 | CTU_156258 | ||
| 008 | 210402s9999 xx 000 0 und d | ||
| 020 | |c 27.81 | ||
| 082 | |a 388.095 | ||
| 082 | |b L783 | ||
| 100 | |a Liu, Xinru | ||
| 245 | 0 | |a Connections Across Eurasia : | |
| 245 | 0 | |b Transportation, Communication, and Cultural Exchange on the Silk Roads | |
| 245 | 0 | |c Xinru Liu and Lynda Norene Shaffer | |
| 260 | |a Boston | ||
| 260 | |b McGraw-Hill | ||
| 260 | |c 2007 | ||
| 520 | |a This first edition text examines the remarkable histories of the societies and peoples who fostered Eurasian trade and communication in the almost two millennia before 1500 C.E. A study in the early history of “globalization,” the commercial and cultural exchanges explored in this volume provide students not only with a greater knowledge of the past, but also a deeper understanding of our world today. | ||
| 650 | |a Silk industry,Công nghiệp tơ lụa | ||
| 650 | |x History,Lịch sử | ||
| 650 | |z Eurasia,Á - Âu | ||
| 904 | |i Trọng Hải | ||
| 980 | |a Trung tâm Học liệu Trường Đại học Cần Thơ | ||